[Event "Gibraltar Masters 2019"]
[Site "Caleta"]
[Date "2019.01.22"]
[Round "1"]
[White "Yu, Yangyi"]
[Black "Erenberg, Ariel"]
[Result "1/2-1/2"]
[WhiteElo "2764"]
[BlackElo "2409"]
[Annotator "TA"]
[PlyCount "81"]
[EventDate "2019.01.10"]
[EventType "swiss"]
[EventCountry "GGB"]
[SourceTitle "playchess.com"]
[Source "ChessBase"]
[SourceQuality "1"]

1. e4 e5 2. Nf3 Nc6 3. Bb5 a6 4. Ba4 Nf6 5. O-O Be7 6. Re1 b5 7. Bb3 d6 8. c3 O-O 9. h3 Nb8 10. d4 Nbd7 11. c4 c6 12. a3 exd4 13. Nxd4 Ne5 14. cxb5 axb5 15. Bf4 Qb6 16. Nc3 Bd7 17. Nf5 Bxf5 18. exf5 Rae8 19. Ne4 d5 20. Bxe5 dxe4 21. a4 bxa4 22. Rxa4 Qb5 23. Bxf6 Bxf6 24. g4 e3 25. fxe3 Qe5 26. Rf4 Qxb2 27. Qc2 Qe5 28. Kg2 c5 29. Re2 Re7 30. Qc4 Rd8 31. Rf3 h6 32. Qf4 Qxf4 33. Rxf4 Rd3 34. Ba2 Rdxe3 35. Rxe3 Rxe3 36. Ra4 Kf8 37. Ra7 Re7 38. Ra8+ Re8 39. Rxe8+ Kxe8 40. Kf3 Ke7 41. Ke4 1/2-1/2

[Event "Gibraltar Masters 2019"]
[Site "Caleta"]
[Date "2019.01.22"]
[Round "1"]
[White "Hoolt, Sarah"]
[Black "Sethuraman, S.P."]
[Result "0-1"]
[WhiteElo "2358"]
[BlackElo "2665"]
[Annotator "TA"]
[PlyCount "75"]
[EventDate "2019.01.10"]
[EventType "swiss"]
[EventCountry "GGB"]
[SourceTitle "playchess.com"]
[Source "ChessBase"]
[SourceQuality "1"]

1. e4 c5 2. Nf3 Nc6 3. Bb5 g6 4. Bxc6 dxc6 5. d3 Bg7 6. h3 Nh6 7. g4 f6 8. Nc3 Nf7 9. e5 f5 10. g5 Nxe5 11. Nxe5 Bxe5 12. Qe2 Bg7 13. Bd2 e5 14. O-O-O Be6 15. f4 Qa5 16. fxe5 b5 17. d4 cxd4 18. Ne4 Qxa2 19. Nd6+ Kd7 20. Bb4 Qa1+ 21. Kd2 Qxb2 22. Rb1 Qa2 23. Nxb5 Qd5 24. Nc7 Kxc7 25. Bd6+ Kd8 26. Qa6 Bxe5 27. Bxe5 Qxe5 28. Qb7 Rc8 29. Rhe1 Qf4+ 30. Kd3 Qg3+ 31. Kd2 Qxg5+ 32. Kd3 Re8 33. Qxa7 Qg3+ 34. Kd2 Qf4+ 35. Kd3 Bd5 36. Qa5+ Qc7 37. Qxc7+ Kxc7 38. Kxd4 0-1

[Event "Gibraltar Masters 2019"]
[Site "Caleta"]
[Date "2019.01.22"]
[Round "1.69"]
[White "Reuben, Stewart"]
[Black "Szczepkowska, Karina"]
[Result "0-1"]
[WhiteElo "1989"]
[BlackElo "2426"]
[Annotator "TA"]
[PlyCount "60"]
[EventDate "2019.01.10"]
[EventType "swiss"]
[EventCountry "GGB"]

1. c4 e6 2. d4 Nf6 3. Nc3 Bb4 4. Bg5 h6 5. Bh4 c5 6. e3 Qa5 7. Qc2 cxd4 8. exd4 Ne4 9. Nge2 d5 10. f3 Nxc3 11. bxc3 Bd6 12. Bg3 Bxg3+ 13. Nxg3 Nc6 14. Kf2 O-O 15. Rb1 Qd8 16. Bd3 b6 17. cxd5 exd5 18. Rhe1 Be6 19. Bh7+ Kh8 20. Bf5 Rc8 21. Qd3 Bxf5 22. Nxf5 Na5 23. Ne3 Nc4 24. Qf5 Nxe3 25. Rxe3 Qh4+ 26. Kg1 Rxc3 27. Rd3 Rc2 28. Rf1 Re8 29. f4 Ree2 30. Rg3 Qxg3 0-1

[Event "Gibraltar Masters 2019"]
[Site "Caleta"]
[Date "2019.01.22"]
[Round "1.80"]
[White "Ubilava, Elizbar"]
[Black "Nikolaidis, Konstantinos"]
[Result "1-0"]
[WhiteElo "2495"]
[BlackElo "2167"]
[Annotator "TA"]
[PlyCount "63"]
[EventDate "2019.01.10"]
[EventType "swiss"]
[EventCountry "GGB"]

1. d4 Nf6 2. c4 e6 3. Nc3 Bb4 4. e3 O-O 5. Nge2 Re8 6. a3 Bf8 7. Ng3 d5 8. cxd5 exd5 9. b4 c6 10. Bd3 b5 11. O-O a5 12. bxa5 Rxa5 13. Bb2 Bd6 14. Qc2 Ra7 15. e4 dxe4 16. Ncxe4 Nxe4 17. Bxe4 g6 18. Bxc6 Nxc6 19. Qxc6 Rc7 20. Qf3 Bb7 21. d5 Be5 22. Bxe5 Rxe5 23. Rad1 Rc4 24. Qb3 Rxd5 25. Qxb5 Rxd1 26. Qxc4 Rd4 27. Qb5 Qa8 28. Re1 Bc6 29. Qg5 Rd5 30. Qf6 Ra5 31. Re7 Bd5 32. Rd7 1-0

[Event "Gibraltar Masters 2019"]
[Site "Caleta"]
[Date "2019.01.22"]
[Round "1.109"]
[White "Raja Rithvik R"]
[Black "Hewson, Brian W R"]
[Result "1-0"]
[WhiteElo "2431"]
[BlackElo "2006"]
[Annotator "TA"]
[PlyCount "32"]
[EventDate "2019.01.10"]
[EventType "swiss"]
[EventCountry "GGB"]

1. d4 Nf6 2. c4 e6 3. g3 d5 4. Nf3 dxc4 5. Bg2 c5 6. O-O Be7 7. dxc5 Qxd1 8. Rxd1 Bxc5 9. Ne5 O-O 10. Nc3 a6 11. Nxc4 Nc6 12. Na4 Ba7 13. Nab6 Bxb6 14. Nxb6 Rb8 15. Be3 Nd5 16. Bxd5 exd5 1-0

[Event "Gibraltar Masters 2019"]
[Site "Caleta"]
[Date "2019.01.23"]
[Round "2"]
[White "Grandelius, Nils"]
[Black "Chandra, Akshat"]
[Result "1-0"]
[WhiteElo "2682"]
[BlackElo "2492"]
[Annotator "TA"]
[PlyCount "72"]
[EventDate "2019.01.22"]
[EventType "swiss"]
[EventCountry "GGB"]
[SourceTitle "playchess.com"]
[Source "ChessBase"]
[SourceQuality "1"]

1. e4 e5 2. Nf3 Nc6 3. Bb5 Nf6 4. d3 Bc5 5. Bxc6 dxc6 6. Bg5 Bd6 7. Nbd2 Qe7 8. Bh4 h6 9. c3 g5 10. Bg3 Bg4 11. Nc4 O-O-O 12. Ne3 Bh5 13. Nf5 Qe8 14. Ng7 Qe7 15. Nxh5 Nxh5 16. Qc2 c5 17. O-O-O f6 18. Rhe1 Nf4 19. Bxf4 exf4 20. d4 Qe6 21. Qa4 Kb8 22. h3 Qe8 23. Qc4 Qg8 24. Qxg8 Rhxg8 25. e5 fxe5 26. dxe5 Be7 27. Rxd8+ Rxd8 28. e6 Bf6 29. Ne5 Bxe5 30. Rxe5 c6 31. Rf5 Kc7 32. Rf7+ Kc8 33. Rh7 Re8 34. Rxh6 Kc7 35. Rg6 Kd6 36. Kd2 Kd5 1-0

[Event "Gibraltar Masters 2019"]
[Site "Caleta"]
[Date "2019.01.23"]
[Round "2"]
[White "Papp, Gabor"]
[Black "Iniyan, P."]
[Result "1-0"]
[WhiteElo "2603"]
[BlackElo "2456"]
[Annotator "TA"]
[PlyCount "88"]
[EventDate "2019.01.22"]
[EventType "swiss"]
[EventCountry "GGB"]
[SourceTitle "playchess.com"]
[Source "ChessBase"]
[SourceQuality "1"]

1. e4 c5 2. Nf3 d6 3. d4 cxd4 4. Qxd4 a6 5. c4 Nc6 6. Qe3 Bg4 7. Be2 g6 8. O-O Bg7 9. Nc3 Bxf3 10. Bxf3 Rc8 11. Bg4 e6 12. Be2 Nd4 13. Rb1 Ne7 14. Rd1 Nec6 15. Bf1 O-O 16. Qg3 Be5 17. f4 Bg7 18. Be3 e5 19. Rd2 f5 20. Rbd1 fxe4 21. Nxe4 d5 22. Ng5 h6 23. Bxd4 Nxd4 24. Rxd4 exd4 25. Ne6 Qf6 26. cxd5 Rfe8 27. Bd3 Rxe6 28. dxe6 Qxe6 29. Re1 Qb6 30. h4 Rf8 31. h5 Qd6 32. hxg6 Qxf4 33. Qxf4 Rxf4 34. a4 Kf8 35. Rc1 Be5 36. Rc5 Bd6 37. Rc8+ Kg7 38. Rd8 Be7 39. Rd7 Kf6 40. Rxb7 a5 41. Rb5 Rg4 42. Rxa5 Rg3 43. Rf5+ Ke6 44. Rf3 Kd5 1-0

[Event "Gibraltar Masters 2019"]
[Site "Caleta"]
[Date "2019.01.23"]
[Round "2"]
[White "Mikhalevski, Victor"]
[Black "Lei, Tingjie"]
[Result "1-0"]
[WhiteElo "2581"]
[BlackElo "2447"]
[Annotator "TA"]
[PlyCount "128"]
[EventDate "2019.01.22"]
[EventType "swiss"]
[EventCountry "GGB"]
[SourceTitle "playchess.com"]
[Source "ChessBase"]
[SourceQuality "1"]

1. Nf3 d5 2. g3 g6 3. Bg2 Bg7 4. d4 Nf6 5. c4 c6 6. Qb3 O-O 7. Nc3 Qb6 8. O-O Rd8 9. Bd2 Bf5 10. Na4 Qxb3 11. axb3 Na6 12. Rfc1 Ne8 13. Ba5 Rdc8 14. Ne5 Be6 15. e3 Nd6 16. Bf1 dxc4 17. bxc4 c5 18. b3 Rab8 19. Bc3 Ne4 20. Bb2 Nd2 21. Ra3 cxd4 22. exd4 Nxf1 23. Kxf1 Bxe5 24. dxe5 b5 25. cxb5 Rxc1+ 26. Bxc1 Rxb5 27. Nb2 Rxb3 28. Rxa6 Rxb2 29. Rxe6 Rc2 30. Rxe7 Rxc1+ 31. Kg2 a5 32. Ra7 Rc5 33. f4 Rc2+ 34. Kh3 Ra2 35. g4 Ra3+ 36. Kg2 Ra2+ 37. Kf3 Rxh2 38. f5 gxf5 39. gxf5 Kf8 40. Kf4 h6 41. f6 Ke8 42. Ra8+ Kd7 43. Rf8 a4 44. Rxf7+ Ke6 45. Re7+ Kd5 46. Rd7+ Ke6 47. Rd6+ Kf7 48. Ra6 Rh1 49. Ra7+ Ke6 50. Re7+ Kd5 51. Kf5 Rf1+ 52. Kg6 a3 53. Ra7 Kxe5 54. Ra5+ Ke6 55. Ra6+ Kd7 56. Rxa3 Rg1+ 57. Kf7 h5 58. Rd3+ Kc7 59. Rh3 Kd6 60. Rxh5 Ra1 61. Rf5 Rg1 62. Rf2 Ra1 63. Kg7 Rg1+ 64. Kf8 Kd5 1-0

[Event "Gibraltar Masters 2019"]
[Site "Caleta"]
[Date "2019.01.23"]
[Round "2"]
[White "Ju, Wenjun"]
[Black "Raja Rithvik R"]
[Result "1-0"]
[WhiteElo "2575"]
[BlackElo "2431"]
[Annotator "TA"]
[PlyCount "149"]
[EventDate "2019.01.22"]
[EventType "swiss"]
[EventCountry "GGB"]
[SourceTitle "playchess.com"]
[Source "ChessBase"]
[SourceQuality "1"]

1. e4 c5 2. Nf3 d6 3. Bb5+ Nd7 4. c3 Ngf6 5. Bd3 g6 6. Bc2 Bg7 7. d4 O-O 8. a4 b6 9. O-O Bb7 10. Re1 Rc8 11. Na3 a6 12. h3 Qc7 13. Qe2 e5 14. d5 h6 15. Bd3 Ra8 16. Nc2 Kh7 17. Ne3 b5 18. c4 b4 19. g3 Rae8 20. Bd2 a5 21. Kg2 Bc8 22. Rh1 Nb6 23. h4 Nh5 24. Bc2 Kg8 25. Nh2 Nf6 26. b3 h5 27. Rag1 Kh7 28. Nf3 Rh8 29. Ng5+ Kg8 30. f3 Nh7 31. Kf1 Qe7 32. Nh3 Nf6 33. Nf2 Bh6 34. Ke1 Rh7 35. Kd1 Kh8 36. Bc1 Rg8 37. Bb2 Re8 38. f4 exf4 39. Qf3 fxe3 40. Bxf6+ Kg8 41. Bxe7 exf2 42. Qxf2 Rxe7 43. g4 Bxg4+ 44. Rxg4 hxg4 45. Qg3 Re5 46. Qxg4 Bg7 47. Rf1 Bf8 48. Rf5 Rh5 49. Qf3 Rxh4 50. Rxf7 Rh1+ 51. Qxh1 Kxf7 52. Qf3+ Kg7 53. Qg4 Be7 54. Bd3 Bf6 55. Qg3 Be7 56. Be2 Rg5 57. Qh3 Re5 58. Bf3 Bf6 59. Qg3 Be7 60. Bg4 Bg5 61. Be6 Na8 62. Qf3 Bf6 63. Qf4 Nb6 64. Kc2 Na8 65. Kd3 Nb6 66. Qg3 Bg5 67. Qg4 Na8 68. Bf5 Kf6 69. Bxg6 Kxg6 70. Qd7 Be7 71. Qb7 Kf6 72. Qxa8 Rh5 73. Qg8 Rh3+ 74. Kc2 Rh2+ 75. Kd1 1-0

[Event "Gibraltar Masters 2019"]
[Site "Caleta"]
[Date "2019.01.23"]
[Round "2"]
[White "Santos Ruiz, Miguel"]
[Black "Wemmers, Xander"]
[Result "1-0"]
[WhiteElo "2543"]
[BlackElo "2418"]
[Annotator "TA"]
[PlyCount "31"]
[EventDate "2019.01.22"]
[EventType "swiss"]
[EventCountry "GGB"]
[SourceTitle "playchess.com"]
[Source "ChessBase"]
[SourceQuality "1"]

1. d4 Nf6 2. c4 e6 3. Nc3 Bb4 4. Qc2 b6 5. e4 c5 6. d5 Qe7 7. Nge2 exd5 8. exd5 O-O 9. Bg5 Ba6 10. O-O-O Bxc4 11. Ng3 Bxf1 12. Nf5 Qd8 13. Ne4 Ba6 14. Bxf6 gxf6 15. Qb3 Kh8 16. Ned6 1-0

[Event "Gibraltar Masters 2019"]
[Site "Caleta"]
[Date "2019.01.23"]
[Round "2"]
[White "Gukesh D"]
[Black "Eljanov, Pavel"]
[Result "1/2-1/2"]
[WhiteElo "2497"]
[BlackElo "2680"]
[Annotator "TA"]
[PlyCount "51"]
[EventDate "2019.01.22"]
[EventType "swiss"]
[EventCountry "GGB"]
[SourceTitle "playchess.com"]
[Source "ChessBase"]
[SourceQuality "1"]

1. Nf3 d5 2. g3 Bg4 3. Bg2 c6 4. O-O e6 5. h3 Bh5 6. d4 Nd7 7. c4 Be7 8. cxd5 exd5 9. Qb3 Qb6 10. Qe3 O-O-O 11. Nc3 Bf6 12. Qf4 Nf8 13. e4 Ne6 14. Qe3 dxe4 15. Nxe4 Ne7 16. Nxf6 gxf6 17. Qa3 Nd5 18. Bd2 Bxf3 19. Bxf3 Nxd4 20. Be4 Nc7 21. Be3 Kb8 22. Rad1 c5 23. Bxd4 Rxd4 24. Rxd4 cxd4 25. Rd1 h6 26. Bg2 1/2-1/2

[Event "Gibraltar Masters 2019"]
[Site "Caleta"]
[Date "2019.01.23"]
[Round "2"]
[White "Repka, Christopher"]
[Black "Melkumyan, Hrant"]
[Result "0-1"]
[WhiteElo "2491"]
[BlackElo "2660"]
[Annotator "TA"]
[PlyCount "151"]
[EventDate "2019.01.22"]
[EventType "swiss"]
[EventCountry "GGB"]
[SourceTitle "playchess.com"]
[Source "ChessBase"]
[SourceQuality "1"]

1. d4 Nf6 2. c4 g6 3. Nc3 d5 4. cxd5 Nxd5 5. e4 Nxc3 6. bxc3 Bg7 7. Nf3 c5 8. Be3 Qa5 9. Nd2 cxd4 10. Nc4 Qd8 11. cxd4 O-O 12. Rc1 f5 13. Qb3 Be6 14. Qxb7 Nd7 15. d5 Bf7 16. f3 fxe4 17. fxe4 e6 18. Nd6 Ne5 19. Qc7 exd5 20. Be2 Be6 21. Qxd8 Raxd8 22. Nb7 Rb8 23. Nc5 Bg4 24. Bd4 Bxe2 25. Kxe2 Rbe8 26. Rhf1 Rxf1 27. Rxf1 Nd7 28. Bxg7 Nxc5 29. Bh6 Rxe4+ 30. Kd2 Nd7 31. Rf3 Rh4 32. Bf4 Nc5 33. h3 Ne6 34. Bb8 Rb4 35. Be5 Re4 36. Bd6 Ra4 37. a3 Rd4+ 38. Ke2 Re4+ 39. Kd2 Rd4+ 40. Ke2 Rc4 41. Rd3 Nd4+ 42. Kd2 Kf7 43. Bc5 Rc2+ 44. Kd1 Rxc5 45. Rxd4 Ke6 46. Rb4 h5 47. Kd2 Rc4 48. Rb3 g5 49. Rg3 Kf5 50. Rd3 Ke5 51. Rg3 g4 52. hxg4 Rxg4 53. Re3+ Kf4 54. Rf3+ Ke4 55. Re3+ Kf5 56. Rf3+ Rf4 57. Rg3 h4 58. Rd3 Ke4 59. Kc3 Ke5 60. g3 Rc4+ 61. Kb2 Ke4 62. Rb3 d4 63. gxh4 d3 64. Rb7 d2 65. Rd7 Ke3 66. Re7+ Kd3 67. Rd7+ Ke2 68. Re7+ Kd1 69. h5 Rc6 70. Rxa7 Rb6+ 71. Kc3 Rd6 72. Rg7 Ke2 73. Rg1 d1=Q 74. Rxd1 Rxd1 75. Kc4 Ra1 76. Kd4 0-1

[Event "Gibraltar Masters 2019"]
[Site "Caleta"]
[Date "2019.01.23"]
[Round "2"]
[White "Stefanova, Antoaneta"]
[Black "Akobian, Varuzhan"]
[Result "1/2-1/2"]
[WhiteElo "2486"]
[BlackElo "2643"]
[Annotator "TA"]
[PlyCount "163"]
[EventDate "2019.01.22"]
[EventType "swiss"]
[EventCountry "GGB"]
[SourceTitle "playchess.com"]
[Source "ChessBase"]
[SourceQuality "1"]

1. Nf3 Nf6 2. g3 d5 3. Bg2 c6 4. O-O Bg4 5. d4 Nbd7 6. Nbd2 e6 7. Re1 Be7 8. e4 O-O 9. c3 a5 10. a4 Rc8 11. Qb3 Qc7 12. exd5 cxd5 13. Nb1 Qb6 14. Qa2 Qc6 15. Qb3 Qb6 16. Qa2 Ne4 17. Nfd2 Nd6 18. Na3 Bf5 19. Bf1 Nf6 20. Nf3 Nfe4 21. Ne5 Rfd8 22. Be3 h6 23. f3 Nf6 24. Bf2 Nd7 25. Rac1 Qc7 26. Nd3 Qc6 27. b3 b6 28. Ne5 Qb7 29. Be3 Bh7 30. Nd3 Rc6 31. Qb2 Bf6 32. Qd2 Rdc8 33. Nb5 Nxb5 34. axb5 R6c7 35. Nf4 a4 36. bxa4 Qa7 37. Nh5 Qxa4 38. Nxf6+ Nxf6 39. Bf4 Ra7 40. Be5 Ne8 41. Qb2 Qa3 42. Qxa3 Rxa3 43. c4 dxc4 44. Bxc4 Rd8 45. Kf2 Bd3 46. Bxd3 Rxd3 47. Rc6 Nf6 48. Bxf6 gxf6 49. Rxb6 R3xd4 50. g4 Rb4 51. Rc1 Rd7 52. Rb8+ Kg7 53. Rcc8 f5 54. gxf5 exf5 55. Rg8+ Kf6 56. Rb6+ Ke5 57. Kg3 f4+ 58. Kg4 f5+ 59. Kh5 Rb3 60. Re8+ Kd4 61. Rxh6 Rxf3 62. Kg5 Re3 63. Rf8 f3 64. Rxf5 Re5 65. Rh4+ Kd5 66. Rhf4 Rxf5+ 67. Rxf5+ Ke4 68. Rf6 Ke3 69. h4 f2 70. h5 Rd5+ 71. Kg4 Rxb5 72. h6 Rb1 73. Kg5 Rb5+ 74. Kg4 Rb6 75. Rf3+ Ke2 76. Rxf2+ Kxf2 77. Kg5 Kg3 78. h7 Rb8 79. Kg6 Kg4 80. Kg7 Kg5 81. h8=Q Rxh8 82. Kxh8 1/2-1/2

[Event "Gibraltar Masters 2019"]
[Site "Caleta"]
[Date "2019.01.23"]
[Round "2"]
[White "Zuo, Yifan"]
[Black "Koneru, Humpy"]
[Result "1/2-1/2"]
[WhiteElo "2298"]
[BlackElo "2541"]
[Annotator "RC"]
[PlyCount "63"]
[EventDate "2019.01.22"]
[EventType "swiss"]
[EventCountry "GGB"]
[SourceTitle "playchess.com"]
[Source "ChessBase"]
[SourceQuality "1"]

1. d4 Nf6 2. Nf3 e6 3. c4 b6 4. g3 Bb4+ 5. Bd2 Bxd2+ 6. Qxd2 Ba6 7. Qc2 c5 8. Bg2 Bb7 9. O-O cxd4 10. Nxd4 Bxg2 11. Kxg2 O-O 12. Nc3 Qc8 13. b3 Nc6 14. Qd2 Rd8 15. Rac1 Qb7 16. Nxc6 dxc6 17. Qc2 c5+ 18. Kg1 h5 19. Rcd1 Qe7 20. Rxd8+ Rxd8 21. Rd1 Rd7 22. Rxd7 Qxd7 23. Qd1 Qxd1+ 24. Nxd1 Kf8 25. f3 Ke7 26. Kf2 Nd7 27. Nc3 Ne5 28. Ke3 Kd7 29. Na4 Kd6 30. Nb2 Nc6 31. Nd3 Nd4 32. Ke4 1/2-1/2

[Event "Gibraltar Masters 2019"]
[Site "Caleta"]
[Date "2019.01.24"]
[Round "3"]
[White "Jumabayev, Rinat"]
[Black "Larino Nieto, David"]
[Result "1-0"]
[WhiteElo "2604"]
[BlackElo "2432"]
[Annotator "TA"]
[PlyCount "66"]
[EventDate "2019.01.10"]
[EventType "swiss"]
[EventCountry "GGB"]
[SourceTitle "playchess.com"]
[Source "ChessBase"]
[SourceQuality "1"]

1. d4 Nf6 2. c4 e6 3. g3 c5 4. d5 exd5 5. cxd5 d6 6. Nc3 a6 7. a4 g6 8. Bg2 Bg7 9. Nf3 O-O 10. O-O Re8 11. Bf4 Nh5 12. Bg5 Bf6 13. Bd2 b6 14. Re1 Ra7 15. h3 Bg7 16. e4 Nd7 17. Bg5 Bf6 18. Bh6 Ne5 19. Nxe5 Bxe5 20. Qd2 Rb7 21. Kh2 b5 22. axb5 axb5 23. f4 Bh8 24. Bg5 f6 25. Bh6 b4 26. Nd1 f5 27. Bg5 Qd7 28. exf5 gxf5 29. Ne3 Nf6 30. Qd3 h6 31. Bh4 Qh7 32. Nc4 Rbe7 33. Red1 Rd7 1-0

[Event "Gibraltar Masters 2019"]
[Site "Caleta"]
[Date "2019.01.24"]
[Round "3"]
[White "Zanan, Evgeny"]
[Black "Zuo, Yifan"]
[Result "1/2-1/2"]
[WhiteElo "2528"]
[BlackElo "2298"]
[Annotator "TA"]
[PlyCount "67"]
[EventDate "2019.01.10"]
[EventType "swiss"]
[EventCountry "GGB"]
[SourceTitle "playchess.com"]
[Source "ChessBase"]
[SourceQuality "1"]

1. d4 Nf6 2. c4 e6 3. Nf3 b6 4. g3 Bb4+ 5. Bd2 Bxd2+ 6. Qxd2 Bb7 7. Bg2 O-O 8. O-O d6 9. Qc2 c5 10. Rd1 cxd4 11. Rxd4 Nc6 12. Rd2 Qc7 13. Nc3 d5 14. Nb5 Qe7 15. cxd5 Nxd5 16. e4 Ndb4 17. Qd1 Rad8 18. Nd6 Ba6 19. Bf1 Bxf1 20. Kxf1 Na5 21. Kg2 Nd5 22. Nxf7 Qxf7 23. exd5 Rxd5 24. Rxd5 exd5 25. Qd3 d4 26. b3 Nb7 27. b4 a5 28. a3 Qd5 29. Re1 Nd6 30. Re3 Qf7 31. Re5 Nc4 32. Re4 Ne3+ 33. fxe3 Qxf3+ 34. Kh3 1/2-1/2

[Event "Gibraltar Masters 2019"]
[Site "Caleta"]
[Date "2019.01.24"]
[Round "3"]
[White "Ubilava, Elizbar"]
[Black "Short, Nigel D"]
[Result "0-1"]
[WhiteElo "2495"]
[BlackElo "2648"]
[Annotator "TA"]
[PlyCount "100"]
[EventDate "2019.01.10"]
[EventType "swiss"]
[EventCountry "GGB"]
[SourceTitle "playchess.com"]
[Source "ChessBase"]
[SourceQuality "1"]

1. d4 Nf6 2. c4 e6 3. Nc3 Bb4 4. e3 b6 5. Nge2 Ne4 6. Qc2 Bb7 7. a3 Bxc3+ 8. Nxc3 f5 9. Nxe4 Bxe4 10. Qd1 Bb7 11. f3 a5 12. Bd3 Qh4+ 13. g3 Qh5 14. O-O O-O 15. b3 d6 16. Ra2 Nd7 17. Raf2 Rae8 18. b4 axb4 19. axb4 Nf6 20. Qc2 Ra8 21. c5 bxc5 22. dxc5 Qe8 23. b5 dxc5 24. Qxc5 Qd7 25. Rd2 Qd6 26. Qxd6 cxd6 27. Bb2 Rfc8 28. Kf2 Kf7 29. Be2 Ke7 30. Rfd1 Bd5 31. Ra1 Rxa1 32. Bxa1 e5 33. Bd3 Ke6 34. Bb2 g5 35. Rc2 Ra8 36. Be2 g4 37. e4 fxe4 38. fxg4 Ra2 39. g5 Nd7 40. h4 Nb6 41. h5 Bb3 42. Bg4+ Ke7 43. Rc7+ Kd8 44. Rxh7 Rxb2+ 45. Kg1 e3 46. h6 Rb1+ 47. Kh2 Bd5 48. Rh8+ Kc7 49. Rh7+ Kb8 50. Rh8+ Nc8 0-1

[Event "Gibraltar Masters 2019"]
[Site "Caleta"]
[Date "2019.01.24"]
[Round "3.50"]
[White "Santos Latasa, Jaime"]
[Black "Krishna Teja, N."]
[Result "1/2-1/2"]
[WhiteElo "2581"]
[BlackElo "2371"]
[Annotator "TA"]
[PlyCount "119"]
[EventDate "2019.01.10"]
[EventType "swiss"]
[EventCountry "GGB"]

1. Nf3 d5 2. e3 Nf6 3. c4 c6 4. Nc3 g6 5. d4 Bg7 6. Be2 O-O 7. O-O a6 8. a4 Be6 9. Qb3 Qc8 10. cxd5 Nxd5 11. Bc4 Nxc3 12. bxc3 Bxc4 13. Qxc4 b5 14. Qb3 Re8 15. Ba3 Qf5 16. Rfe1 Nd7 17. e4 Qf4 18. a5 e5 19. Qc2 Bf8 20. Bxf8 Kxf8 21. Rad1 c5 22. dxc5 Nxc5 23. Rd5 Rac8 24. c4 b4 25. Qb2 b3 26. Qa3 Qf6 27. Rxc5 Qd6 28. Nxe5 Kg7 29. Nd7 Qxd7 30. Rxc8 Rxc8 31. Qxb3 Qd2 32. Ra1 Re8 33. Qf3 Re5 34. g3 Qc2 35. Rd1 Qxc4 36. Rd7 Rb5 37. h4 Re5 38. Ra7 h5 39. Kg2 Rc5 40. Rb7 Re5 41. Rb6 Kh7 42. Rb7 Kg7 43. Ra7 Re8 44. Qf4 Qxe4+ 45. Qxe4 Rxe4 46. Rxa6 Ra4 47. Kf3 Kf8 48. Ke3 Ke7 49. Kd3 f6 50. Kc3 Ra2 51. f4 Ra3+ 52. Kb4 Rxg3 53. Rb6 Rg1 54. a6 Ra1 55. Kb5 Ra2 56. Rc6 Rb2+ 57. Kc5 Kd7 58. Rxf6 Kc7 59. Rf7+ Kb8 60. Rb7+ 1/2-1/2

[Event "Gibraltar Masters 2019"]
[Site "Caleta"]
[Date "2019.01.24"]
[Round "3.54"]
[White "Hoolt, Sarah"]
[Black "Nguyen, Thai Dai Van"]
[Result "0-1"]
[WhiteElo "2358"]
[BlackElo "2535"]
[Annotator "TA"]
[PlyCount "89"]
[EventDate "2019.01.10"]
[EventType "swiss"]
[EventCountry "GGB"]

1. d4 Nf6 2. c4 g6 3. Nc3 Bg7 4. e4 d6 5. Nf3 O-O 6. h3 e5 7. d5 a5 8. Be3 Na6 9. g4 Nc5 10. Nd2 c6 11. Be2 a4 12. g5 Nh5 13. Bxh5 gxh5 14. Bxc5 dxc5 15. Qxh5 f5 16. a3 Bd7 17. h4 fxe4 18. Ndxe4 Rf4 19. Rg1 Bf5 20. Qe2 Bxe4 21. Nxe4 cxd5 22. cxd5 Qxd5 23. Rg4 Rd8 24. Rc1 b6 25. h5 Qd3 26. Rxf4 exf4 27. Nf6+ Kf7 28. Qxd3 Rxd3 29. Rc4 h6 30. Rxa4 hxg5 31. Ne4 Bxb2 32. Ra6 f3 33. Rxb6 Bxa3 34. Nxg5+ Ke7 35. Rb1 Kf6 36. Ne4+ Ke5 37. Ng3 Bb4+ 38. Kf1 c4 39. h6 c3 40. h7 Rd8 41. Kg1 Rc8 42. Rxb4 Kd5 43. Nf1 Kc5 44. Rh4 c2 45. h8=Q 0-1

[Event "Gibraltar Masters 2019"]
[Site "Caleta"]
[Date "2019.01.24"]
[Round "3.56"]
[White "Demuth, Adrien"]
[Black "Belenkaya, Dina"]
[Result "1-0"]
[WhiteElo "2517"]
[BlackElo "2357"]
[Annotator "TA"]
[PlyCount "42"]
[EventDate "2019.01.10"]
[EventType "swiss"]
[EventCountry "GGB"]

1. d4 Nf6 2. c4 e6 3. Nf3 d5 4. Nc3 dxc4 5. e3 a6 6. a4 c5 7. Bxc4 Nc6 8. O-O Be7 9. dxc5 Qxd1 10. Rxd1 Bxc5 11. Nd2 Bd7 12. Nde4 Bb4 13. Nxf6+ gxf6 14. Ne4 Ke7 15. Nxf6 Kxf6 16. Rxd7 Rhd8 17. Rxd8 Rxd8 18. Bb3 Na5 19. Bc2 Rc8 20. Bd1 Rd8 21. Bc2 Rc8 1-0

[Event "Gibraltar Masters 2019"]
[Site "Caleta"]
[Date "2019.01.24"]
[Round "3.59"]
[White "Karim, Ismael"]
[Black "Gunina, Valentina"]
[Result "1/2-1/2"]
[WhiteElo "2347"]
[BlackElo "2501"]
[Annotator "TA"]
[PlyCount "143"]
[EventDate "2019.01.10"]
[EventType "swiss"]
[EventCountry "GGB"]

1. e4 c5 2. Nf3 d6 3. d4 cxd4 4. Nxd4 Nf6 5. Nc3 a6 6. h3 e6 7. g4 d5 8. exd5 Nxd5 9. Nde2 Bb4 10. Bg2 O-O 11. O-O Nxc3 12. Nxc3 Qc7 13. Qd4 Nc6 14. Bxc6 Bxc3 15. Qxc3 bxc6 16. Be3 e5 17. Bc5 Rd8 18. Rad1 Be6 19. Qe3 Rd5 20. b3 f6 21. c4 Rxd1 22. Rxd1 Rd8 23. Re1 Re8 24. Kg2 Qc8 25. Kh2 Bf7 26. Bb6 h5 27. g5 f5 28. Ba5 f4 29. Qe4 Re6 30. Qd3 Bg6 31. Qd8+ Qxd8 32. Bxd8 e4 33. Bc7 e3 34. Bxf4 exf2 35. Rf1 Re2 36. Bg3 Rxa2 37. Rxf2 Ra3 38. Rb2 Ra1 39. Kg2 Rd1 40. h4 Rd3 41. Kh2 Be4 42. Be5 Kf7 43. b4 g6 44. b5 cxb5 45. cxb5 Ke6 46. Bc7 axb5 47. Rxb5 Rd2+ 48. Kg3 Rd3+ 49. Kh2 Rd2+ 50. Kg3 Bc6 51. Rb4 Rg2+ 52. Kh3 Rc2 53. Bb8 Rc3+ 54. Kh2 Kd5 55. Ba7 Rc2+ 56. Kg3 Rc3+ 57. Kh2 Bd7 58. Bf2 Bf5 59. Kg2 Bh3+ 60. Kh2 Bf1 61. Rf4 Bd3 62. Rf3 Ke4 63. Kg3 Rb3 64. Re3+ Kd5 65. Rf3 Kc4 66. Kf4 Rb5 67. Re3 Rf5+ 68. Kg3 Rd5 69. Kf4 Bf5 70. Re5 Rd2 71. Kg3 Rd3+ 72. Re3 1/2-1/2

[Event "Gibraltar Masters 2019"]
[Site "Caleta"]
[Date "2019.01.24"]
[Round "3.60"]
[White "Bellon Lopez, Juan Manuel"]
[Black "Krysa, Leandro"]
[Result "0-1"]
[WhiteElo "2332"]
[BlackElo "2499"]
[Annotator "TA"]
[PlyCount "85"]
[EventDate "2019.01.10"]
[EventType "swiss"]
[EventCountry "GGB"]

1. d4 Nf6 2. Nf3 e6 3. Bg5 c5 4. e3 h6 5. Bh4 cxd4 6. exd4 b6 7. Nbd2 Bb7 8. c3 Be7 9. a4 a6 10. Qb3 O-O 11. Bd3 Qc7 12. O-O d6 13. Bxf6 Bxf6 14. Be4 d5 15. Bd3 Nd7 16. Rfe1 Bc6 17. h4 g5 18. hxg5 hxg5 19. Nh2 Kg7 20. Qd1 Rh8 21. Ndf1 Bb7 22. Ng4 Be7 23. Bc2 Rh4 24. g3 Rh3 25. Kg2 Rah8 26. Qf3 Nf8 27. Nfe3 Bc8 28. Rh1 Rxh1 29. Rxh1 Rxh1 30. Kxh1 f5 31. Ne5 Bf6 32. Qh5 Qe7 33. f4 Bxe5 34. fxe5 Bd7 35. Kg1 b5 36. axb5 axb5 37. Kf2 b4 38. g4 f4 39. Nf5+ exf5 40. gxf5 Kg8 41. f6 Qe6 42. Qxg5+ Kf7 43. Bf5 0-1